| 000 | 00974nam a2200277Ia 4500 | ||
|---|---|---|---|
| 003 | GCL | ||
| 008 | 140319s9999 xx 000 0 ara d | ||
| 040 |
_aGCL / _cGCL |
||
| 082 | 0 | 4 |
_a332 _bح ا |
| 100 | 1 | _aحمدى احمد العنانى | |
| 245 | 1 | 0 |
_aاقتصاديات المالية العامة ونظام السوق- دراسة فى اتجاهات الاصلاح المالى والاقتصادى / _cحمدى احمد العنانى |
| 260 |
_a[S.N] : _bالدار المصرية اللبنانية ، _c1992 |
||
| 300 | _a353 ص | ||
| 490 | _a | ||
| 650 | 0 | 4 | _aالاقتصاد |
| 650 | 0 | 4 | _aالضرائب |
| 650 | 0 | 4 | _aالاحوال الاقتصادية |
| 650 | 0 | 4 | _aالاسواق |
| 650 | 0 | 4 | _aالاجتماع |
| 650 | 0 | 4 | _aالبحوث |
| 650 | 0 | 4 | _aالميزانية |
| 650 | 0 | 4 | _aالاجتماع الاقتصادى |
| 650 | 0 | 4 | _aقياس الرأى العام |
| 650 | 0 | 4 | _aتكاليف مستوى المعيشة |
| 942 |
_2ddc _cBK |
||
| 999 |
_c58662 _d58662 |
||